00778 a2200181 4500003000500000005001700005040000900022082001200031100001800043245007200061260003800133300001300171505022000184650002900404942002100433999001900454952012300473Nust20230504125952.0 cNust a973,ING a H.L .Ingle  aAmerican History: A brief view through reconstruction / bH.L.Ingle aBoston b Little Brown Cop c1978 axi,499 p aCivil War and Beyond (Page-247), The Gilded Age (Page-293), Progressivism Tinkering with Liberal Democracy (Page-345), The Search for Security the New Deal and War (Page-393), The Challenge of Liberation (Page-441). aAmerican History9109008 2ddccBKk973,ING c194305d194305 00102ddc4070aMCSbMCScGENd2016-12-12o973,INGpMCS21813r2016-12-08w2016-12-12yBKzAlmirah No. 75, Shelf No. 8